000 00808cam a22002773a 4500
001 24258
003 PGUSA
005 20140828083522.0
008 080112s2008||||xxu|||||s|||||000 p eng d
040 _aPGUSA
_beng
042 _adc
050 4 _aPS
100 1 _aHerford, Oliver,
_d1863-1935
245 1 4 _aThe Rubáiyát of a Persian Kitten
_h[electronic resource] /
_cOliver Herford
260 _bProject Gutenberg,
_c2008
500 _aIllustrated by the author.
506 _aPublic domain in the USA.
516 _aElectronic text
653 _aHumorous poetry
653 _aPersian cat -- Poetry
653 _aOmar Khayyam -- Parodies, imitations, etc.
653 _aCats -- Poetry
830 0 _aProject Gutenberg
_v24258
856 4 0 _uhttp://www.gutenberg.org/ebooks/24258
942 _cEB
999 _c253513
_d253513